<?xml version="1.0" encoding="UTF-8"?>
<collection xmlns="http://www.loc.gov/MARC21/slim">
 <record>
  <leader>02402nab a2200301 i 4500</leader>
  <controlfield tag="001">acta80229</controlfield>
  <controlfield tag="005">20230826105210.0</controlfield>
  <controlfield tag="008">230821s1986    hu      o     0||   hun d</controlfield>
  <datafield tag="022" ind1=" " ind2=" ">
   <subfield code="a">0422-9576</subfield>
  </datafield>
  <datafield tag="040" ind1=" " ind2=" ">
   <subfield code="a">SZTE Egyetemi Kiadványok Repozitórium</subfield>
   <subfield code="b">hun</subfield>
  </datafield>
  <datafield tag="041" ind1=" " ind2=" ">
   <subfield code="a">hun</subfield>
  </datafield>
  <datafield tag="041" ind1=" " ind2=" ">
   <subfield code="a">eng</subfield>
  </datafield>
  <datafield tag="041" ind1=" " ind2=" ">
   <subfield code="a">ger</subfield>
  </datafield>
  <datafield tag="041" ind1=" " ind2=" ">
   <subfield code="a">rus</subfield>
  </datafield>
  <datafield tag="100" ind1="1" ind2=" ">
   <subfield code="a">Szabó S. András</subfield>
  </datafield>
  <datafield tag="245" ind1="1" ind2="0">
   <subfield code="a">Aktivációs analízis az élelmiszer-analitikában V. rész </subfield>
   <subfield code="h">[elektronikus dokumentum] :</subfield>
   <subfield code="b">röntgenfluoreszcenciás elemzés /</subfield>
   <subfield code="c"> Szabó S. András</subfield>
  </datafield>
  <datafield tag="260" ind1=" " ind2=" ">
   <subfield code="a">Pallas Lap- és Könyvkiadó Vállalat</subfield>
   <subfield code="b">Budapest</subfield>
   <subfield code="c">1986</subfield>
  </datafield>
  <datafield tag="300" ind1=" " ind2=" ">
   <subfield code="a">204-214</subfield>
  </datafield>
  <datafield tag="490" ind1="0" ind2=" ">
   <subfield code="a">Élelmiszervizsgálati közlemények</subfield>
   <subfield code="v">32 No. 4</subfield>
  </datafield>
  <datafield tag="520" ind1="3" ind2=" ">
   <subfield code="a">A szerzők a dolgozatban ismertetik a röntgenfluoreszcenciás analízis (XRF) jelvét, az alkalmazható sugárforrásokat, s tárgyalják a módszer élelmiszeranalitikai llehetőségeit. Ismertetik 125I izotópos gerjesztéssel végzett vizsgálataikat, amelyek :során talaj-, gyep- és csontminták összetételét mérték. Talajnál a Fe, Rb, Sr és Zr, ifűnél a Fe, Zn, Br, Rb és Sr, állati csontnál a Sr-tartalmat határozták meg. A mérések szerint pl. a juhcsontok átlagos Sr tartalma 0,7 mg/g hamu volt. A X R F vizsgálatok hasznos kiegészítő adatokat szolgáltattak a környezeti radioaktivitás ellen- 'őrzéséhez. The principle of X-rays fluorescence analysis, the applicable radiation sources are presented, and the possibilities of the method in food analysis are discussed in the paper. Examinations with iodine-125 induction are presented, in course of which composition of soil, grass and bone samples were measured. Fe, Rb, Sr and Zr in soil, Fe, Zn, Br, Rb and Sr in grass, Sr in animal bone were determined. According to the measurements e. g. the mean Sr content of sheep bones was 0.7 mg/g ash. XRF examinations gave useful additional data for the control of environmental radioactivity.</subfield>
  </datafield>
  <datafield tag="650" ind1=" " ind2="4">
   <subfield code="a">Műszaki és technológiai tudományok</subfield>
  </datafield>
  <datafield tag="650" ind1=" " ind2="4">
   <subfield code="a">Egyéb műszaki tudományok és technológiák</subfield>
  </datafield>
  <datafield tag="650" ind1=" " ind2="4">
   <subfield code="a">Élelmiszer és italfélék</subfield>
  </datafield>
  <datafield tag="695" ind1=" " ind2=" ">
   <subfield code="a">Élelmiszervizsgálat - analitikai kémia - módszer, Élelmiszerkémia - módszer</subfield>
  </datafield>
  <datafield tag="700" ind1="0" ind2="1">
   <subfield code="a">Kiss Béla</subfield>
   <subfield code="e">aut</subfield>
  </datafield>
  <datafield tag="700" ind1="0" ind2="2">
   <subfield code="a">Liszonyiné Gacsályi Márta</subfield>
   <subfield code="e">aut</subfield>
  </datafield>
  <datafield tag="700" ind1="0" ind2="2">
   <subfield code="a">Török Gábor</subfield>
   <subfield code="e">aut</subfield>
  </datafield>
  <datafield tag="856" ind1="4" ind2="0">
   <subfield code="u">http://acta.bibl.u-szeged.hu/80229/1/elelmiszervizsgalati_kozlemenyek_1986_04_204-214.pdf</subfield>
   <subfield code="z">Dokumentum-elérés </subfield>
  </datafield>
 </record>
</collection>
